| 000 | 00705cam a22002411i 4500 | ||
|---|---|---|---|
| 001 | ne 63001687 | ||
| 003 | DLC | ||
| 005 | 20260227111749.0 | ||
| 008 | 860422s1962 ua ac 000 0 arar | ||
| 010 | _ane 63001687 | ||
| 025 | _aPL480:UAR-2904 | ||
| 035 | _a(OCoLC)23482319 | ||
| 040 |
_aDLC _cMiU _dDLC |
||
| 042 | _apremarc | ||
| 050 | 0 | 0 |
_aN7381 _b.I8 |
| 100 | 1 | _aIskandar, Rushdī. | |
| 245 | 1 | 0 |
_aKhamsūn sanah min al-fann / _btaʼlīf Rushdī Iskandar wa-Kamāl al-Mallākh. |
| 260 |
_aMiṣr : _bDār al-Maʻārif, _c[1962] |
||
| 300 |
_a198 p. : _b[95] p. of illus., ports. ; _c24 cm. |
||
| 650 | 0 |
_aArtists _zEgypt |
|
| 650 | 0 | _aArt, Egyptian | |
| 700 | 1 |
_aMallākh, Kamāl _ejoint author. |
|
| 999 |
_c46198 _d46198 |
||